| 000 | 00646nam a2200253 a 4500 | ||
|---|---|---|---|
| 001 | nice12345678 | ||
| 003 | IN_TiNIC | ||
| 005 | 20260116013033.0 | ||
| 008 | 050524s1969 lona grp 000 0 eng | ||
| 020 |
_a _c100 |
||
| 082 | 0 | 0 |
_a224 _bSCO |
| 100 | _aScott, R B Y | ||
| 245 |
_aRelevance of Prophets _b an Introduction to the Old Testament Prophets & |
||
| 260 |
_aLondon _bMacmillan and Co. _c1969 |
||
| 300 | _a248p | ||
| 500 | _aincludes index and biblioraphy | ||
| 505 | 2 | _aIndex | |
| 650 | _aBible-Prophets | ||
| 650 | _aProphets-Old Testament | ||
| 700 | 1 | _aScott, R B Y | |
| 902 | _bSRS | ||
| 942 | _cBK | ||
| 999 |
_c9377 _d9377 |
||